000 00428nam a22001577a 4500
005 20240831143609.0
008 240830b |||||||| |||| 00| 0 eng d
041 _aeng
082 _a622.2 CHA
100 _aCHANDAN, K. HARI
_98460
245 _aLABORATORY MANUAL IN ROCK MECHANICS AND STRATA CONTROL : for diploma minning
260 _aHYDERABAD
_bPLANET PUBLISHING HOUSE
300 _a62;p
650 _aMINNING
942 _cBK
999 _c8581
_d8579